| 000 | 00785nam a22002537a 4500 | ||
|---|---|---|---|
| 005 | 20170124110204.0 | ||
| 010 | _aB-047009 | ||
| 020 |
_c425.00 _a8120309448 |
||
| 035 | _aB-047009 | ||
| 037 | _bCen Lib/Ret | ||
| 040 |
_aDPL _bEN |
||
| 082 |
_a005.6 _bHEA |
||
| 100 |
_aHearn, Donald _936883 |
||
| 245 |
_aComputer graphics / _cby Donald Hearn [and] M. Pauline Baker |
||
| 250 | _a2nd ed | ||
| 260 |
_aNew Delhi _bPrintice-Hall of India _c1994 |
||
| 270 |
_aM-97, Cannaught Circus _bNew Delhi _e110001 |
||
| 300 |
_axix,652p. : _c24cm(Hb) _bcol.ill. |
||
| 500 | _aIncludes bibliographical references and index | ||
| 650 |
_aComputer graphics _972534 |
||
| 650 |
_aInfographie _972535 |
||
| 700 |
_aBaker, M. Pauline _936886 |
||
| 942 |
_2ddc _cEN _h005.6 _mHEA |
||
| 999 |
_c133120 _d133120 |
||